000 01065nam a22003137a 4500
003 EG-GICUC
005 20260121101156.0
008 251107s2003 ua ||||fr|||| 00| 0 ara d
017 _a2001/3840
040 _a EG-GICUC
_bara
_c EG-GICUC
_d EG-GICUC
_erda
041 _aara
082 0 4 _221
_a343.3912
_bم ح . ع
092 0 4 _221
099 _aLaw1 10 343.3912 2003
100 0 _aمحمود أحمد طه
_eمؤلف.
245 _aعبء إثبات الأحوال الأصلح للمتهم /
_nمحمود أحمد طه
264 _aالإسكندرية :
_bمنشأة المعارف ,
_c2003.
300 _a123 صفحة;
_c24 سم
336 _2rda content
_atext
337 _2rda media
_aComputer
338 _2rda carrier
_aOnline Resource
504 _aيتضمن قائمة مراجع
546 _aالنص باللغة العربية
650 1 _aقانون جنائي
650 1 _a عبء الإثبات الجنائي
856 4 0 _uhttps://fll.law.cu.edu.eg/fulltext/bks/B10-05954.pdf
905 _a44
_eYara
942 _2ddc
_cBK
_e21
_n0
999 _c41694
_d41694